| 000 | 00707nam a2200253Ia 4500 | ||
|---|---|---|---|
| 003 | OSt | ||
| 005 | 20220918185935.0 | ||
| 006 | a|||||r|||| 00| 0 | ||
| 007 | ta | ||
| 008 | 220917b |||||||| |||| 00| 0 eng d | ||
| 024 | _a53,699 | ||
| 037 | _cTextual | ||
| 040 |
_aARTS _cARTS _beng |
||
| 041 |
_2eng _aeng |
||
| 082 | _aP15:10aY5923.212, k1 (PD) | ||
| 100 |
_aStaal J F _970780 |
||
| 245 | 0 | _aNambudiri veda recitation S'Gravenhage Mouton | |
| 260 | _c1961 | ||
| 300 |
_a101p. maps _ccm. |
||
| 490 | _aDisputationes rheno trajectinae ed by J Gonda; 5 | ||
| 650 | _aLINGUISTICS | ||
| 942 |
_hP15:10aY5923.212, k1 (PD) _cTEXL _2CC |
||
| 999 |
_c182766 _d182766 |
||